[Event "NRW-ch U14"]
[Site "Wolfsburg"]
[Date "2004.04.15"]
[Round "5"]
[White "Schroer, Claus"]
[Black "Siebel, Daniel"]
[Result "0-1"]
[WhiteElo "1412"]
[BlackElo "1539"]
[PlyCount "67"]
[EventDate "2004.04.??"]
[EventType "swiss"]
[EventRounds "7"]
[EventCountry "GER"]
[SourceTitle "EXT 2005"]
[Source "ChessBase"]
[SourceDate "2004.11.15"]
[SourceVersion "1"]
[SourceVersionDate "2004.11.15"]
[SourceQuality "1"]

1. e4 c5 2. Nf3 e6 3. d4 cxd4 4. Nxd4 a6 5. a4 d6 6. Bc4 Qc7 7. Bb3 Nf6 8. Nc3 b6 9. 0-0 Bb7 10. Re1 Nbd7 11. f3 Be7 12. Be3 Rc8 13. Qe2 Qb8 14. Red1 0-0 15. Bc4 Qa8 16. Qd2 Rxc4 17. a5 b5 18. b3 Rc7 19. Rac1 Rfc8 20. Nce2 Ne5 21. Ng3 Ng6 22. Ndf5 exf5 23. Nxf5 Rd7 24. g4 Qb8 25. h4 Qc7 26. c4 Ne5 27. Kg2 bxc4 28. Rc3 Bxe4 29. Rxc4 Bxf3+ 30. Kg3 Nxc4 31. bxc4 Bxd1 32. Qxd1 Qxc4 33. Bd4 Rb8 34. Nxg7 0-1

[Event "NRW-ch U14"]
[Site "Wolfsburg"]
[Date "2004.04.14"]
[Round "4"]
[White "Ebert, Manuel"]
[Black "Schroer, Claus"]
[Result "1/2-1/2"]
[WhiteElo "1823"]
[BlackElo "1412"]
[PlyCount "115"]
[EventDate "2004.04.??"]
[EventType "swiss"]
[EventRounds "7"]
[EventCountry "GER"]
[SourceTitle "EXT 2005"]
[Source "ChessBase"]
[SourceDate "2004.11.15"]
[SourceVersion "1"]
[SourceVersionDate "2004.11.15"]
[SourceQuality "1"]

1. e4 e5 2. Nf3 Nc6 3. Bb5 Bc5 4. 0-0 d6 5. c3 Bd7 6. d4 exd4 7. cxd4 Bb6 8. Nc3 a6 9. Ba4 Nge7 10. h3 h6 11. Re1 0-0 12. Be3 Na5 13. Bxd7 Qxd7 14. b3 d5 15. e5 Ng6 16. Nh2 Nc6 17. Ng4 Qe6 18. Ne2 Nce7 19. Ng3 Nh4 20. f4 Nhf5 21. Nxf5 Nxf5 22. Qd3 Nxe3 23. Nxe3 f5 24. Rac1 Rac8 25. b4 g6 26. Red1 Kg7 27. Qb3 Rfd8 28. Nf1 Ba7 29. Qc3 c6 30. Qd3 Ra8 31. Rd2 Kf7 32. Rdc2 Rdc8 33. Nd2 Qe7 34. a3 Qe6 35. Nb3 g5 36. fxg5 hxg5 37. Rf1 f4 38. Qf3 Kg6 39. Qg4 Qxg4 40. hxg4 Rh8 41. Kf2 Rae8 42. Rcc1 Rh4 43. Kf3 Kf7 44. a4 Ke6 45. Rfd1 Kd7 46. Na5 Rb8 47. Rc2 Rh6 48. Nb3 Rh4 49. Nc1 Rbh8 50. Ne2 Rh1 51. Rcc1 R1h2 52. Rb1 b5 53. axb5 axb5 54. Ra1 Bb6 55. Ng1 Rh1 56. Nh3 Rxd1 57. Rxd1 Bd8 58. Nf2 1/2-1/2

[Event "GER-ch U12"]
[Site "Willingen"]
[Date "2003.06.11"]
[Round "8"]
[White "Schroer, Claus"]
[Black "Yao, Kelvin"]
[Result "1-0"]
[WhiteElo "1475"]
[BlackElo "1426"]
[PlyCount "87"]
[EventDate "2003.06.08"]
[EventType "swiss"]
[EventRounds "11"]
[EventCountry "GER"]
[SourceTitle "CBM 094 Extra"]
[Source "ChessBase"]
[SourceDate "2003.07.09"]
[SourceVersion "2"]
[SourceVersionDate "2003.07.09"]
[SourceQuality "1"]

1. e4 c6 2. d4 d5 3. Nc3 dxe4 4. Nxe4 Nd7 5. Nf3 Ngf6 6. Nxf6+ Nxf6 7. Bc4 e6 8. c3 c5 9. 0-0 cxd4 10. Nxd4 Bd6 11. Re1 0-0 12. Bg5 Bxh2+ 13. Kxh2 Qc7+ 14. g3 Qxc4 15. Bxf6 gxf6 16. Rh1 Qd5 17. Kg1 b6 18. Qc2 f5 19. Qe2 Bb7 20. f3 Qd7 21. Qh2 f6 22. Nxe6 Rf7 23. Nd4 Rg7 24. Kf2 Re8 25. Rad1 Qd5 26. Qh5 Qe5 27. Rh3 Qe3+ 28. Kg2 Qe7 29. Qxf5 Qf7 30. Rhh1 Qg6 31. Qxg6 Rxg6 32. Rhe1 Kf7 33. Rxe8 Kxe8 34. Nb5 Ke7 35. Nxa7 f5 36. Nb5 f4 37. g4 Rxg4+ 38. Kf2 Rg3 39. Nd4 Kf6 40. Rh1 Kg6 41. Rh4 h5 42. Rxf4 Kg5 43. Kxg3 h4+ 44. Rxh4 1-0

[Event "GER-ch U12"]
[Site "Willingen"]
[Date "2003.06.10"]
[Round "6"]
[White "Schroer, Claus"]
[Black "Weller, Manuel"]
[Result "0-1"]
[WhiteElo "1475"]
[BlackElo "1593"]
[PlyCount "74"]
[EventDate "2003.06.08"]
[EventType "swiss"]
[EventRounds "11"]
[EventCountry "GER"]
[SourceTitle "CBM 094 Extra"]
[Source "ChessBase"]
[SourceDate "2003.07.09"]
[SourceVersion "2"]
[SourceVersionDate "2003.07.09"]
[SourceQuality "1"]

1. e4 c5 2. Nc3 e6 3. Bc4 a6 4. a3 b5 5. Ba2 Bb7 6. d3 Nc6 7. f4 d6 8. Nf3 Qc7 9. Be3 Nf6 10. h3 Be7 11. Qd2 0-0 12. g4 b4 13. axb4 cxb4 14. Ne2 a5 15. Bb3 Rfb8 16. Ng3 Ba6 17. g5 Nd7 18. h4 Nc5 19. h5 Nxb3 20. cxb3 Qb7 21. Rd1 Qb5 22. Qh2 a4 23. g6 a3 24. gxh7+ Kxh7 25. h6 g6 26. bxa3 bxa3 27. Qc2 Na5 28. Qc3 Rg8 29. b4 Nc6 30. Nd4 Qxb4 31. Qxb4 Nxb4 32. Nf3 Nxd3+ 33. Kd2 Rab8 34. Ra1 Rb2+ 35. Kd1 a2 36. Bd4 Rg2 37. Nf1 Bb5 0-1

[Event "NRW-ch U12"]
[Site "Kranenburg"]
[Date "2003.04.25"]
[Round "6"]
[White "Schroer, Claus"]
[Black "Hinz, Arne"]
[Result "1-0"]
[WhiteElo "1345"]
[BlackElo "1308"]
[PlyCount "71"]
[EventDate "2003.04.??"]
[EventType "swiss"]
[EventRounds "7"]
[EventCountry "GER"]
[SourceTitle "EXT 2005"]
[Source "ChessBase"]
[SourceDate "2004.11.15"]
[SourceVersion "1"]
[SourceVersionDate "2004.11.15"]
[SourceQuality "1"]

1. e4 e5 2. Nf3 Nf6 3. Nc3 Nc6 4. Bb5 d6 5. d4 exd4 6. Nxd4 Bd7 7. 0-0 Be7 8. Be3 Nxd4 9. Bxd7+ Qxd7 10. Bxd4 0-0 11. f4 c5 12. Be3 Ng4 13. Qe2 Nxe3 14. Qxe3 Bf6 15. Kh1 Bd4 16. Qg3 Rfe8 17. Rfe1 b5 18. Rab1 a5 19. Nd5 Qc6 20. c3 Bxc3 21. Nxc3 b4 22. Nd5 Kh8 23. Rbd1 a4 24. Re3 Rab8 25. Qg4 Qb7 26. Rh3 f6 27. Qf5 h6 28. Nxf6 gxf6 29. Qxf6+ Kg8 30. Rxh6 Qg7 31. Rg6 Qxg6 32. Qxg6+ Kf8 33. Rxd6 a3 34. Rf6+ Ke7 35. Qg7+ Kd8 36. Rd6+ 1-0